| 000 | 00688nam a22002057a 4500 | ||
|---|---|---|---|
| 003 | OSt | ||
| 005 | 20251105050809.0 | ||
| 008 | 251105b |||||||| |||| 00| 0 eng d | ||
| 020 | _a 978-971-9654-87-2 | ||
| 040 |
_aDWCL-Main lib _cOC |
||
| 082 | _aFil. 363.7 E56 2017 | ||
| 100 | _aBermudez, Neil Catly | ||
| 245 |
_aEnvironmental management/ _cNeil Catly Bermudez |
||
| 260 |
_aManila, Philippines: _bUnlimited books library services & publishing , _cc2017. |
||
| 300 |
_ax, 185 pages : _billustrations ; _c23cm. |
||
| 504 | _aIncludes bibliographical references | ||
| 650 | _a1. Environmental management | ||
| 700 | _a[ AND THREE OTHERS] | ||
| 942 |
_2ddc _cBK - FIL _kFil. _n0 |
||
| 999 |
_c5480 _d5480 |
||